00653nam a2200181 a 4500008004100000020001500041050001400056100002400070245004500094246002200139250001200161260002600173300002500199350000900224995009100233999001700324952013000341120416s1982 ||||||||||||||||| || u a0534980104 aHA 29 Men aMendenhall, William10aStatistics for management andd economics aWilliam Mendehall a4th ed. aBostonbDuxburyc1982 axviii, 902 p. : ill. a0.00 D0.00FCBU-MAIN LIBRARY (Kitwe)H1I17.95UDAMAGEDZMain Library Open Access Collection c58370d58370 00102lcc4070a001b001cMain Library Open Access Collectiond2022-11-30l0oHA 29 Menp000236r2022-11-30w2022-11-30y002